| 000 | 00377nam a2200157Ia 4500 | ||
|---|---|---|---|
| 008 | 230917s9999||||xx |||||||||||||| ||und|| | ||
| 040 |
_e119221 _aMAIN |
||
| 041 | _aEnglish | ||
| 082 | _a910.02 H95F(2) | ||
| 100 | _aHusain, Majid | ||
| 245 | 0 | _aFundamentals of physical geography | |
| 250 | _a2nd ed. | ||
| 260 |
_aJaipur _bRawat _c2001 |
||
| 300 | _a638 p. | ||
| 942 | _cBK | ||
| 999 |
_c158212 _d158212 |
||